000 00256nam a2200097Ia 4500
082 _aJ 333.75137 LIM
245 0 _aVanishing forests
100 _a Lim, Cheng Puay Singapore, 2004
_985617
942 _cBK
008 210817s9999 xx 000 0 und d
999 _c320775
_d320774